| 000 | 01130cam a22003257a 4500 | ||
|---|---|---|---|
| 003 | CHAP | ||
| 005 | 20220329142756.0 | ||
| 008 | 030829d1999 mx ad r 00110 spa d | ||
| 010 | _a87635 | ||
| 011 | _a88607 | ||
| 020 | _a9688845809 | ||
| 035 | _a99152 | ||
| 040 | _cCHAP | ||
| 082 | 0 | 4 |
_a519.5 _bC33 |
| 100 | 0 | 0 |
_aCastillo Márquez, Luis Emilio. _920176 |
| 245 | 1 | 0 |
_aEstadística básica (con aplicaciones a la fitosanidad) _c/por Luis Emilio Castillo Marquez |
| 260 |
_aChapingo, Méx. : _bUACH. Departamento de Parasitología Agrícola, _c1999 |
||
| 300 |
_a240 p. : _bilus. ; gráfs. ; cuadros ; tablas |
||
| 590 |
_aBATCH-UPD _b10 _c20130110 _lUCH01 _h1426 |
||
| 590 |
_aBATCH-UPD _b10 _c20130410 _lUCH01 _h0905 |
||
| 590 |
_aBATCH-UPD _b10 _c20130914 _lUCH01 _h0857 |
||
| 590 |
_aCONVERSION _b10 _c20130109 _lUCH01 _h1349 |
||
| 650 | 1 | 4 |
_aAgricultura _xEstadisticas. _91417 |
| 650 | 1 | 4 |
_aEstadística. _938241 |
| 650 | 1 | 4 |
_aEstadística _xEstudio y enseñanza. _938249 |
| 901 | _aBK | ||
| 905 | _aMarco A. Mendoza T. | ||
| 942 | _cLIBRO | ||
| 949 |
_a519.5 C33 _bBC _cUACH _d33724000896478 _eUACH _gDonaciØn _h103917 _i99152 _sb |
||
| 999 |
_c87635 _d87635 |
||